000 00690nam a2200241Ia 4500
003 OSt
005 20220923212824.0
006 a|||||r|||| 00| 0
007 ta
008 220922b |||||||| |||| 00| 0 hin d
024 _a156,123
037 _cTextual
040 _aARTS
_cARTS
_bhin
041 _2hin
_ahin
082 _aO1518,1F75,1:g, 152K0
100 _aअब्दुल रहमान
245 0 _aसंदेश रासक
246 _aSandesh rāsaka
260 _c1960
650 _aसंस्कृत साहित्य
942 _hO1518,1F75,1:g, 152K0
_cTEXL
_2CC
999 _c311444
_d311444